000 00548nam a2200217Ia 4500
003 OSt
005 20221005122721.0
006 a|||||r|||| 00| 0
007 ta
008 221004b |||||||| |||| 00| 0 tam d
024 _a51872
037 _cTextual
040 _aCRL
_cCRL
_btam
041 _2tam
_atam
082 _aU8.1, 31K4
100 _aKannappa mudaliyar
_9632489
245 0 _aKannappa kanda perarijnar
650 _aGEOGRAPHY
942 _hU8.1, 31K4
_cTEXL
_2cc
999 _c1045165
_d1045165